Statistics for Countries of Asia in Alphabetical Order

Click here to take the quiz!

General Stats

  • This quiz has been taken 25 times
  • The average score is 43 of 48

Answer Stats

First LetterCountry% Correct
AAzerbaijan
100%
BBahrain
100%
BBhutan
100%
IIndia
100%
IIndonesia
100%
IIsrael
100%
AAfghanistan
95%
AArmenia
95%
BBangladesh
95%
CCambodia
95%
CChina
95%
IIran
95%
IIraq
95%
JJapan
95%
JJordan
95%
KKuwait
95%
KKyrgyzstan
95%
LLaos
95%
LLebanon
95%
MMalaysia
95%
BBrunei
90%
EEast Timor
90%
GGeorgia
90%
KKazakhstan
90%
OOman
90%
PPhilippines
90%
QQatar
90%
CCyprus
86%
MMyanmar
86%
NNepal
86%
NNorth Korea
86%
SSaudi Arabia
86%
TTaiwan
86%
TTajikistan
86%
TThailand
86%
TTurkey
86%
TTurkmenistan
86%
UUzbekistan
86%
VVietnam
86%
YYemen
86%
MMaldives
81%
PPakistan
81%
SSouth Korea
81%
SSri Lanka
81%
SSyria
81%
UUnited Arab Emirates
81%
MMongolia
76%
SSingapore
76%

Score Distribution

Percentile by Number Answered

Percent of People with Each Score

Your Score History

You have not taken this quiz